000 00377nam a22001457a 4500
003 macl
005 20171216133336.0
008 171216b xxu||||| |||| 00| 0 eng d
040 _cmacl
100 _aPradhan Ashok
_969671
245 _aNew Challange of Environmental Conservation
260 _aAllahabad
_bUpasana
_c2016
650 _aenvironment
_969672
942 _2ddc
_cBK
999 _c57205
_d57205